000 00632nam a2200241 i 4500
001 C2-0091158
003 PPAK
005 20180727092247.0
008 970512s1992 enka|||| ||||| | eng d
020 _a0099092808
040 _aPPAK
_beng
_cPPAK
_erda
082 0 4 _a823
_223
090 0 0 _a823
_bREN
_dG
100 1 _aRendell, Ruth,
_eauthor
245 1 0 _aSome lie and some die
264 1 _aLondon :
_bArrow Books ,
_c1992
300 _a191 pages :
_billustrations ;
_c18 cm
336 _2rdacontent
_atext
337 _2rdamedia
_aunmediated
338 _2rdacarrier
_avolume
650 1 0 _aEnglish fiction
942 _ddc
_cB
999 _c19195
_d19195